LEADER 01174nam a2200253 4500 001 000000330524 003 CaOOAMICUS 005 20181002091949.0 008 181001s2018 it 000 u ita r 020 $a978-88-941047-8-3 040 $aSeMil$bita 100 1 $aToso, Mario,$c.$0(OLS)http://semarc/name/7119 245 10$aCattolici e politica /$cMario Toso ; prefazione di Vittorio Possenti. 264 1$aRoma :$bSocietà cooperativa sociale frate Jacopa,$c2018. 300 $a94 p. ;$c21 cm 650 4$aCattolici e politica.$0(OLS)http://semarc/subject/34750 650 4$aPartecipazione politica - Concezione cristiana.$0(OLS)http://semarc/subject/14550 700 1 $aPossenti, Vittorio,$d<1938- >,$eautore di introduzione.$0(OLS)http://semarc/name/3865 850 $aSeMil 852 $aSeMil$W1$xVenegono$y1$m3N II 710$j211442$B224942$CSeMilBibl$Z2$F224942 $81 996 $6020$a978-88-941047-8-3$9(OLS)http://semarc/number/285252 996 $6245$aCattolici e politica$9(OLS)http://semarc/title/418975 996 $6264$aRoma :$bSocietà cooperativa sociale frate Jacopa$9(OLS)http://semarc/publisher/57895 LEADER 01293nam a2200289 i 4500 001 000000039792 003 CaOOAMICUS 005 20061113000000.0 008 061113s1962 it u000 u ita u 013 $a10948 040 $aSeMil$bita 100 1 $aPapini, Giovanni,$d<1881-1956>.$0(OLS)http://semarc/name/1547 245 10$aCristo e santi /$cdi Giovanni Papini. 260 $a[Milano] :$bArnoldo Mondadori Editore,$c1962. 300 $a1119 p. :$b[1] c. di tav. ;$c20 cm. 490 0 $aI classici contemporanei italiani 500 $aIn allegato : [2] p. di appunti dell'Autore. - Fondo Ciprandi. 600 04$aGesù Cristo.$0(OLS)http://semarc/subject/712 650 4$aSanti.$0(OLS)http://semarc/subject/8255 773 0 $aPapini, Giovanni <1881-1956>$tTutte le opere di Giovanni Papini.$d[Milano] : Arnoldo Mondadori Editore, [195?]-$kClassici contemporanei italiani$w()1705 830 2$aI classici contemporanei italiani.$0(OLS)http://semarc/title/7847 850 $aSeMil 852 $aSeMil$W1$xVenegono$y1$m1B III 117$j5947$B5947$CSeMilBibl$Z2$F5947 $81 941 1 $a1 961 $aOmaggio: Ciprandi dott. Paolo 996 $6245$aCristo e santi$9(OLS)http://semarc/title/56878 996 $6260$a[Milano] :$bArnoldo Mondadori Editore$9(OLS)http://semarc/publisher/29634